Sports Quiz

Random Sports or NHL Quiz

Goalie Games Played Leaders Quiz Stats

 Plays Quiz not verified by Sporcle

Score 0/26 Timer 05:00
0 Plays Today
Games Played Goalie % Correct
1087*Martin Brodeur
94.2%
1029Patrick Roy
94.2%
735Dominik Hasek
82.7%
963Ed Belfour
80.8%
736*Chris Osgood
76.9%
971Terry Sawchuk
73.1%
943Curtis Joseph
71.2%
868Grant Fuhr
71.2%
680Billy Smith
67.3%
837Jacques Plante
59.6%
781Mike Vernon
59.6%
886Tony Esposito
57.7%
906Glenn Hall
55.8%
Games Played Goalie % Correct
666Mike Richter
53.8%
777Tom Barrasso
50%
713Andy Moog
50%
882John Vanbiesbrouck
48.1%
719Olaf Kolzig
46.2%
704*Nikolai Khabibulin
42.3%
820Sean Burke
40.4%
861Lorne Worsley
32.7%
795Rogatien Vachon
30.8%
677Kelly Hrudey
26.9%
667Donald Beaupre
17.3%
803Harry Lumley
11.5%
788Gilles Meloche
9.6%

You're not logged in!

Compare scores with friends on all Sporcle quizzes.
OR
Log In

Show Comments

Extras

Created Oct 30, 2010SourceReportNominate
Tags:NHL Quiz

Top Quizzes Today


Score Distribution

Your Account Isn't Verified!

In order to create a playlist on Sporcle, you need to verify the email address you used during registration. Go to your Sporcle Settings to finish the process.

Report this User

Report this user for behavior that violates our Community Guidelines.

Details: